Países que limitan con Rusia - Estadísticas

Estadísticas generales
  • Esta prueba ha sido intentada 100 veces
  • La puntuación promedio es 11 de 14
Estadísticas de respuestas
Longitud en km País % Correcto
3,645 China
97%
3,441 Mongolia
96%
292 Letonia
92%
1,576 Ucrania
92%
290 Estonia
91%
1,313 Finlandia
90%
227 Lituania
90%
959 Bielorrusia
89%
18 Corea del Norte
81%
284 Azerbaiyán
76%
723 Georgia
76%
206 Polonia
73%
196 Noruega
64%
6,846 Kazajstán
39%
No se encontraron pruebas coincidentes
Distribución de puntuación
Porcentaje de gente con cada puntuación
Porcentaje por número respondido
Historial de tus puntuaciones
No has intentado esta prueba.